000 00270nmm a2200097Ia 4500
008 220120s9999||||xx |||||||||||||||||und||
020 _a81-7808-312-4
100 _aHarwani, B. M
_95491
245 0 _aPractical java for begineers
260 _aPrenice hall of India
_bNew Delhi
999 _c139602
_d139602